00580nam a2200181 a 450000100100000000500170001000800410002702000150006804000250008308200170010810000330012524501000015826000310025830000280028949000190031750000430033683000190037900002463520200930023300.0110201s1981 sp a r 000 0 spa d a8485823125 aDO-SdBNPbspacBNPHU axxxxxbM311i1 aMaravall Casesnoves, Darío10aIntroducción a la investigación en física y matemáticas /cDarío Maravall Casesnoves. aMadrid :bEmpeño,c1981. a132 p. :bil. ;c24 cm.1 aEmpeño ;v14 aIncluye notas al pie de las páginas. 0aEmpeño ;n14